Historia, arquitectura y nación bajo el régimen de Porfirio Díaz: Ciudad de México 1876-1910 /
Este artículo conjuga tres pilares capitales que procuraron legitimar al régimen instalado por Porfirio Díaz, en México, entre 1876 y 1910. La tesis que se desarrolla en esta investigación es que en la segunda mitad del siglo XIX se llega a una síntesis histórica que concilia diversos pasados mexica...
Guardado en:
| Autor principal: | |
|---|---|
| Formato: | Texto |
| Materias: | |
| Etiquetas: |
Agregar Etiqueta
Sin Etiquetas, Sea el primero en etiquetar este registro!
|
MARC
| LEADER | 00000 a a2200000 04500 | ||
|---|---|---|---|
| 001 | 14598 | ||
| 003 | |||
| 040 | |||
| 100 | |a Moya Gutiérrez, Arnaldo | ||
| 245 | |a Historia, arquitectura y nación bajo el régimen de Porfirio Díaz: Ciudad de México 1876-1910 / |c Arnaldo Moya Gutiérrez | ||
| 520 | |a Este artículo conjuga tres pilares capitales que procuraron legitimar al régimen instalado por Porfirio Díaz, en México, entre 1876 y 1910. La tesis que se desarrolla en esta investigación es que en la segunda mitad del siglo XIX se llega a una síntesis histórica que concilia diversos pasados mexicanos y que en lo sustantivo traduce al estilo neoclásico el arquetipo que identifica al régimen | ||
| 650 | |a HISTORIA POLITICA | ||
| 650 | |a ARQUITECTURA | ||
| 650 | |a NACION | ||
| 650 | |a ANALISIS HISTORICO | ||
| 650 | |a IMAGINARIO SOCIAL | ||
| 650 | |a IDENTIDAD NACIONAL | ||
| 773 | |g número 117 -118; páginas 159-182 | ||
| 999 | |c 40123 |d 40123 | ||
| 773 | 0 | |0 18728 |9 3026 |a Universidad de Costa Rica |d San José, Costa Rica Editorial UCR 1956- |o 06546 |t Revista de Ciencias Sociales/ |x 04825276 | |
